Mapping the nation

Αποθηκεύτηκε σε:
Λεπτομέρειες βιβλιογραφικής εγγραφής
Άλλοι συγγραφείς: Balakrishnan, Gopal (Επιμελητής έκδοσης)
Μορφή: Βιβλίο
Γλώσσα:English
Δημοσίευση: London : Verso, c1996
Σειρά:Mapping (London, England)
Θέματα:
Ετικέτες: Προσθήκη ετικέτας
Δεν υπάρχουν, Καταχωρήστε ετικέτα πρώτοι!

MARC

LEADER 00000nam a2200000 i 4500
001 1/94178
008 991126s1996 eng d
020 |a 1-85984-060-4 
035 |l 10054702 
040 |a GR-MY-UA  |b gre  |e aacr 
041 0 |a eng 
082 0 |a 320.54 
245 1 0 |a Mapping the nation /  |c edited by Gopal Balakrishnan; with an introduction by Benedict Anderson 
260 |a London :   |b Verso,   |c c1996 
300 |a 329 p. 
490 1 |a Mapping (London, England) 
500 |a Published in association with New left review 
504 |a Includes index 
650 0 0 |a Nationalism. 
700 1 |a Balakrishnan, Gopal.  |4 edt 
830 0 |a Mapping (London, England) 
852 |a INST  |b LESVOS  |e 19991126  |h 320.54 MAP  |p 005100022269  |q 005100022269  |t BK  |y 0 
901 |a BIBL1-2000-1 
909 |a Λ  |b 069793 
922 |a 1ΕΛΗ  |b 199910  |c ΚΠΣ/ΤΚ  |d ΠΑΠΑΣΩΤΗΡΙΟΥ 
950 |a 103-1998-07-27 
970 |a ΤΖΑΦΕΡΗ  |b ΕΥΑΓΓΕΛΙΑ  |z 2000/01/13